Tough Love - Gracie Abrams - Statistics

General Stats
  • This quiz has been taken 284 times
  • The average score is 396 of 462
Answer Stats
Answer % Correct
a
100%
I
100%
to
99%
and
98%
And
98%
he
98%
it,
98%
it
98%
the
98%
The
98%
when
98%
When
98%
Boston
97%
go
97%
i'm
97%
I'm
97%
it's
97%
just
97%
took
97%
train
97%
But,
96%
but
96%
But
96%
cry
96%
hate
96%
love
96%
of
96%
wanted
96%
He's
95%
he's
95%
night
95%
night,
95%
no,
95%
No
95%
No,
95%
on
95%
tough
95%
is
94%
me
94%
we
94%
for
93%
in
93%
leave
93%
my
93%
one
93%
that
93%
then
93%
Saturday
92%
be
91%
boy
91%
like
91%
mean
91%
not
91%
Not
91%
ran
91%
what
91%
fight,
90%
fight
90%
gone,
90%
his
90%
leavin'
90%
them
90%
all
89%
boys
89%
I'll
89%
left
89%
left,
89%
that's
89%
with
89%
more,
88%
more
88%
date
87%
friends
87%
funny
87%
guess
87%
so
87%
summer
87%
twenty-four
87%
call
86%
know
86%
side
86%
than
86%
This
86%
until
86%
bored
85%
men
85%
rip
85%
second
85%
bluff
84%
him
84%
always
83%
honestly,
83%
jacket
83%
random
83%
really
83%
sucks
83%
there
83%
full
82%
twenties
82%
was
82%
might
81%
strangers,
81%
yeah,
81%
chance
80%
tried
80%
feel
79%
I'd
79%
i'd
79%
waste
79%
whatever,
79%
cooler
78%
bleedin'
77%
laughed
77%
Couldn't
76%
left
75%
'em
74%
lucky
74%
miss
73%
She
73%
she
73%
smarter
73%
gonna
72%
met
70%
way
70%
bed
69%
by
69%
kick
69%
now
69%
sister
69%
Her
68%
pieces
68%
charmed,
67%
see
67%
sleepin'
67%
you're
67%
boyfriends
66%
direct
66%
had
66%
while
66%
college,
65%
Said
65%
back
64%
harsh
64%
effect
63%
receive
63%
weird
63%
intellect
62%
she's
62%
float
61%
he'd
61%
if
61%
shitty
61%
tougher
61%
nights
60%
At
59%
somewhere
59%
truth,
59%
wasted
59%
tell
58%
temptin'
58%
Through
58%
crumble
57%
damn
57%
home,
57%
kinda
57%
own
57%
reasons
57%
someone
57%
got
56%
Charles
55%
ego,
55%
gave
54%
shallow
54%
river
53%
thinkin'
53%
road
52%
liked
51%
right ?
51%
there's
51%
benches
50%
denyin'
50%
i've
50%
Oh,
50%
boats
49%
inflated
46%
old
46%
stop
46%
their
46%
walkin'
46%
you'd
45%
bar
42%
down
41%
binge-drinkin'
39%
He'll
39%
Ooh
29%
No matching quizzes found
Score Distribution
Percent of People with Each Score
Percentile by Number Answered
Your Score History
You have not taken this quiz